| 000 | 00000nam##2200000za#4500 |
| 001 | 9.700142 |
| 003 | CaOODSP |
| 005 | 20210625000712 |
| 007 | cr ||||||||||| |
| 008 | 150407|2014||||xxc|||||o f|0| 0 eng|d |
| 020 | |a978-1-100-25405-0 |
| 040 | |aCaOODSP|beng |
| 043 | |an-cn--- |
| 086 | 1 |aIu37-4/1-2014E-PDF |
| 110 | 1 |aCanada. |bIndustry Canada. |
| 245 | 10|aSeizing Canada's moment : |h[electronic resource]|bmoving forward in science, technology and innovation 2014 |
| 260 | |aOttawa - Ontario : |bIndustry Canada |cc2014. |
| 300 | |a68p.|bfigs., glossary, graphs, map, tables, photographs |
| 590 | |a15-01|b2015-01-02 |
| 775 | 08|tUn moment à saisir pour le Canada : |w(CaOODSP)9.644042 |
| 856 | 40|ahttp://publications.gc.ca|qPDF|s1786 KB|uhttps://publications.gc.ca/collections/collection_2014/ic/Iu37-4-1-2014-eng.pdf |